[Event "Aix les Bains rap op "]
[Site "Aix les Bains"]
[Date "2012.07.21"]
[Round "1"]
[White "Lopez, Manuel"]
[Black "Fedorchuk, Sergey A"]
[Result "0-1"]
[WhiteElo "1989"]
[BlackElo "2630"]
[PlyCount "39"]
[EventDate "2012.07.21"]
[EventType "swiss (rapid)"]
[EventRounds "9"]
[EventCountry "FRA"]
[SourceTitle "CBM 149 Extra"]
[Source "ChessBase"]
[SourceDate "2012.08.24"]
[SourceVersion "1"]
[SourceVersionDate "2012.08.24"]
[SourceQuality "1"]

1. e4 c5 2. Nf3 e6 3. b4 cxb4 4. d4 d5 5. e5 Ne7 6. a3 Nf5 7. axb4 Bxb4+ 8. c3 Be7 9. Bd3 Nc6 10. 0-0 0-0 11. g4 Nh4 12. Nxh4 Bxh4 13. f4 Be7 14. Qc2 g6 15. f5 exf5 16. gxf5 Bxf5 17. Bxf5 gxf5 18. Bh6 Kh8 19. Kh1 f6 20. e6 0-1

[Event "SUI-chT"]
[Site "Switzerland"]
[Date "2011.10.23"]
[Round "9.8"]
[White "Schaerer, Julian"]
[Black "Lopez, Manuel"]
[Result "1/2-1/2"]
[WhiteElo "2121"]
[BlackElo "1960"]
[PlyCount "60"]
[EventDate "2011.02.27"]
[EventType "team-tourn"]
[EventRounds "9"]
[EventCountry "SUI"]
[SourceTitle "EXT 2012"]
[Source "ChessBase"]
[SourceDate "2011.11.24"]
[SourceVersion "1"]
[SourceVersionDate "2011.11.24"]
[SourceQuality "1"]
[WhiteTeam "Winterthur"]
[BlackTeam "Echallens"]
[WhiteTeamCountry "SUI"]
[BlackTeamCountry "SUI"]

1. e4 e5 2. Nf3 Nc6 3. Bb5 a6 4. Ba4 Nf6 5. 0-0 b5 6. Bb3 Be7 7. Re1 0-0 8. h3 d6 9. c3 Na5 10. Bc2 c5 11. d4 Nc6 12. d5 Nb8 13. Nbd2 Ne8 14. a4 Bb7 15. Nf1 Bf6 16. b4 Nd7 17. Ne3 cxb4 18. cxb4 bxa4 19. Rxa4 Nb6 20. Ra5 Nc7 21. Bd3 Qd7 22. Qe2 Rfc8 23. Bd2 Be7 24. Rb1 Bd8 25. Nf5 g6 26. Nh6+ Kg7 27. Ng4 h5 28. Ngxe5 dxe5 29. Nxe5 Qe8 30. f4 f6 1/2-1/2

[Event "Lausanne op"]
[Site "Lausanne"]
[Date "2007.09.17"]
[Round "6"]
[White "Lopez, Manuel"]
[Black "Burnier, David"]
[Result "0-1"]
[WhiteElo "2078"]
[BlackElo "2299"]
[PlyCount "66"]
[EventDate "2007.09.14"]
[EventType "swiss"]
[EventRounds "7"]
[EventCountry "SUI"]
[SourceTitle "CBM 120 Extra"]
[Source "ChessBase"]
[SourceDate "2007.11.01"]
[SourceVersion "1"]
[SourceVersionDate "2007.11.01"]
[SourceQuality "1"]

1. e4 e5 2. Nf3 Nc6 3. Bb5 a6 4. Ba4 Nf6 5. 0-0 b5 6. Bb3 Bc5 7. Nc3 d6 8. d3 Na5 9. Be3 Nxb3 10. axb3 Bxe3 11. fxe3 c6 12. b4 0-0 13. d4 Qb6 14. Qe1 Re8 15. Kh1 Ra7 16. Rd1 Rae7 17. dxe5 dxe5 18. Nh4 Rd7 19. Rxd7 Bxd7 20. Qg3 Qd8 21. h3 Qe7 22. Nf5 Bxf5 23. Rxf5 Nd7 24. Qf2 f6 25. Na2 Nb6 26. c3 Nc4 27. Rf3 Rd8 28. Qh4 Rd1+ 29. Kh2 Qe6 30. g4 Nd2 31. Rf2 Qxa2 32. Qh5 g6 33. Qh6 Nxe4 0-1

[Event "Lausanne op"]
[Site "Lausanne"]
[Date "2007.09.17"]
[Round "7"]
[White "Tcheau, Alain"]
[Black "Lopez, Manuel"]
[Result "0-1"]
[WhiteElo "2006"]
[BlackElo "2078"]
[PlyCount "122"]
[EventDate "2007.09.14"]
[EventType "swiss"]
[EventRounds "7"]
[EventCountry "SUI"]
[SourceTitle "CBM 120 Extra"]
[Source "ChessBase"]
[SourceDate "2007.11.01"]
[SourceVersion "1"]
[SourceVersionDate "2007.11.01"]
[SourceQuality "1"]

1. d4 Nf6 2. c4 g6 3. b3 Bg7 4. Bb2 0-0 5. Nf3 c5 6. e3 cxd4 7. exd4 d5 8. Be2 dxc4 9. bxc4 Nc6 10. Nc3 Qb6 11. Na4 Qb4+ 12. Bc3 Qd6 13. d5 Nb8 14. 0-0 Bd7 15. a3 Bxa4 16. Qxa4 Ne4 17. Bxg7 Kxg7 18. Qb4 Na6 19. Qb2+ Kg8 20. Rfe1 Nac5 21. Qc2 Rac8 22. Nd4 Qf4 23. Nf3 b5 24. g3 Qf6 25. cxb5 Nc3 26. Kg2 Nxd5 27. Rac1 Nb6 28. Qc3 Qxc3 29. Rxc3 Nca4 30. Rc6 Nc3 31. Bf1 e6 32. Rc1 Nbd5 33. Ne5 Rxc6 34. Nxc6 Ra8 35. Kh3 Kf8 36. Bg2 Nxb5 37. Bxd5 exd5 38. Rc5 Nxa3 39. Rxd5 a6 40. Ra5 Nb5 41. Ne5 Ke7 42. Nc4 Nc7 43. Re5+ Kf6 44. f4 Rd8 45. Rc5 Ne6 46. Rc6 Ra8 47. Nb6 Rd8 48. Nc4 Rd4 49. Na5 Kf5 50. Rxa6 Rd3 51. Kg2 Rd2+ 52. Kg1 Ra2 53. Ra7 Nd4 54. Nc6 Nf3+ 55. Kf1 Nxh2+ 56. Kg1 Nf3+ 57. Kf1 Rxa7 58. Nxa7 Kg4 59. Kf2 Nd4 60. Nc8 Nf5 61. Nb6 Nxg3 0-1

[Event "Carlos Torre Memorial op 19th"]
[Site "Merida"]
[Date "2006.12.17"]
[Round "5"]
[White "Lopez, Manuel"]
[Black "Sandoval, Alfredo"]
[Result "0-1"]
[WhiteElo "2093"]
[BlackElo "2009"]
[PlyCount "62"]
[EventDate "2006.12.14"]
[EventType "swiss"]
[EventRounds "9"]
[EventCountry "MEX"]
[SourceTitle "CBM 115 Extra"]
[Source "ChessBase"]
[SourceDate "2007.01.10"]
[SourceVersion "1"]
[SourceVersionDate "2007.01.10"]
[SourceQuality "1"]

1. e4 c5 2. Nc3 d6 3. g3 Nf6 4. Bg2 Nc6 5. d3 g6 6. h3 Bg7 7. Be3 0-0 8. f4 Ne8 9. Nf3 Nd4 10. 0-0 Rb8 11. Rb1 b5 12. Ne2 Nxf3+ 13. Rxf3 f5 14. Rf2 a5 15. exf5 gxf5 16. d4 c4 17. d5 Nc7 18. Nd4 Qe8 19. Nc6 Ra8 20. Bb6 Na6 21. Re2 Bf6 22. Bd4 Qf7 23. Bxf6 exf6 24. Re7 Qg6 25. Qd4 Nc5 26. Rbe1 Qxg3 27. R1e3 Qh4 28. Rc7 Ne4 29. Bxe4 fxe4 30. Kg2 Kh8 31. Rg3 Bxh3+ 0-1

[Event "Carlos Torre Memorial op 16th"]
[Site "Merida"]
[Date "2003.12.18"]
[Round "7"]
[White "Charpenel Elorduy, Mauricio"]
[Black "Lopez, Manuel"]
[Result "1-0"]
[WhiteElo "2138"]
[BlackElo "2086"]
[PlyCount "33"]
[EventDate "2003.12.12"]
[EventType "swiss"]
[EventRounds "9"]
[EventCountry "MEX"]
[SourceTitle "CBM 097 Extra"]
[Source "ChessBase"]
[SourceDate "2004.01.13"]
[SourceVersion "1"]
[SourceVersionDate "2004.01.13"]
[SourceQuality "1"]

1. b3 f5 2. Bb2 Nf6 3. f4 e6 4. Nf3 Be7 5. e3 d6 6. Be2 Nc6 7. 0-0 0-0 8. d4 Ne4 9. c4 Bf6 10. Nbd2 Nxd2 11. Qxd2 Qe7 12. Rae1 Rd8 13. Bd1 e5 14. d5 e4 15. dxc6 exf3 16. Bxf3 b6 17. Bd5+ 1-0

[Event "Oz.com qual blitz"]
[Site "ICC INT"]
[Date "2000.03.05"]
[Round "2"]
[White "Gorodetskiy, Ilya"]
[Black "Lopez, Manuel"]
[Result "1-0"]
[WhiteElo "2250"]
[BlackElo "2150"]
[PlyCount "103"]
[EventDate "2000.03.05"]
[EventType "swiss (blitz)"]
[EventRounds "9"]
[EventCountry "USA"]
[SourceTitle "EXT 2001"]
[Source "ChessBase"]
[SourceDate "2000.11.22"]
[SourceVersion "1"]
[SourceVersionDate "2000.11.22"]
[SourceQuality "1"]

1. e4 d5 2. exd5 Nf6 3. Bb5+ Bd7 4. Bc4 Bg4 5. f3 Bc8 6. Nc3 Nbd7 7. Nge2 Nb6 8. Bb3 Nbxd5 9. Nxd5 Nxd5 10. d4 e6 11. 0-0 c5 12. c3 Bd6 13. Bxd5 exd5 14. Bf4 0-0 15. Bxd6 Qxd6 16. Ng3 Be6 17. Qd2 Rac8 18. Rad1 cxd4 19. Qxd4 b6 20. Rfe1 Qc5 21. Ne2 Rfd8 22. Nf4 Re8 23. Qxc5 bxc5 24. Nxd5 Kf8 25. c4 Rb8 26. b3 a5 27. Nc7 Re7 28. Nxe6+ fxe6 29. Rd6 a4 30. Rdxe6 Rxe6 31. Rxe6 axb3 32. axb3 Rxb3 33. Rc6 Rb1+ 34. Kf2 Rc1 35. Rxc5 Kf7 36. Rc8 g5 37. Kg3 h6 38. h3 Kg7 39. Kg4 Kg6 40. Rc6+ Kg7 41. g3 Rc3 42. f4 gxf4 43. gxf4 Kf7 44. h4 Kg7 45. c5 Kf7 46. Rc7+ Kg6 47. h5+ Kf6 48. Rc6+ Kg7 49. Kf5 Rh3 50. Rc7+ Kg8 51. Kg6 Rg3+ 52. Kxh6 1-0

[Event "Oz.com qual blitz"]
[Site "ICC INT"]
[Date "2000.03.05"]
[Round "3"]
[White "Lopez, Manuel"]
[Black "Amigues, Emmanuel"]
[Result "1/2-1/2"]
[WhiteElo "2150"]
[BlackElo "2224"]
[PlyCount "114"]
[EventDate "2000.03.05"]
[EventType "swiss (blitz)"]
[EventRounds "9"]
[EventCountry "USA"]
[SourceTitle "EXT 2001"]
[Source "ChessBase"]
[SourceDate "2000.11.22"]
[SourceVersion "1"]
[SourceVersionDate "2000.11.22"]
[SourceQuality "1"]

1. e4 c5 2. Nc3 Nc6 3. g3 g6 4. Bg2 Bg7 5. d3 e6 6. Be3 d6 7. Qd2 Qa5 8. f4 Nge7 9. Nf3 Nd4 10. 0-0 0-0 11. Nd5 Nec6 12. Ne7+ Kh8 13. Nxc6 Nxc6 14. c3 Rb8 15. d4 cxd4 16. Nxd4 Nxd4 17. Bxd4 b5 18. Bxg7+ Kxg7 19. Qxd6 Qb6+ 20. Qxb6 Rxb6 21. Rad1 b4 22. c4 b3 23. a3 Ba6 24. Rc1 Rc8 25. Rf3 Rxc4 26. Rfc3 Rxc3 27. Rxc3 Bb7 28. e5 Bxg2 29. Kxg2 Rb5 30. Kf2 a5 31. Ke3 g5 32. Kd3 gxf4 33. gxf4 Rd5+ 34. Ke3 Kg6 35. Rxb3 Kf5 36. Rb7 Kg6 37. b4 axb4 38. axb4 h5 39. b5 f6 40. Rb6 Kf5 41. exf6 Kxf6 42. Ke4 h4 43. Rb8 h3 44. b6 Rb5 45. b7 Kg7 46. Kf3 Rb4 47. Kg4 e5 48. Kxh3 exf4 49. Kg4 Kh7 50. h4 Kg7 51. h5 Kh7 52. h6 Rb1 53. Kxf4 Rf1+ 54. Ke3 Re1+ 55. Kd2 Rb1 56. Kc2 Rb6 57. Kc3 Rb1 1/2-1/2

[Event "Carlos Torre Memorial op 10th"]
[Site "Merida"]
[Date "1997.??.??"]
[Round "2"]
[White "Lopez, Manuel"]
[Black "Russek Libni, Guil"]
[Result "0-1"]
[WhiteElo "2145"]
[BlackElo "2425"]
[PlyCount "54"]
[EventDate "1997.12.??"]
[EventType "swiss"]
[EventRounds "9"]
[EventCountry "MEX"]
[SourceTitle "EXT 1999"]
[Source "ChessBase"]
[SourceDate "1998.11.16"]
[SourceVersion "1"]
[SourceVersionDate "1998.11.16"]
[SourceQuality "1"]

1. e4 e6 2. d4 d5 3. e5 c5 4. c3 Nc6 5. Nf3 Bd7 6. Be2 Nh6 7. 0-0 Nf5 8. Na3 cxd4 9. cxd4 Be7 10. Nc2 Qb6 11. b3 a5 12. g4 Nh6 13. Ne3 f6 14. Bb2 fxe5 15. Nxe5 Nxe5 16. dxe5 Bc5 17. Nc2 0-0 18. Bd4 Bxd4 19. Qxd4 Qxd4 20. Nxd4 Rf4 21. g5 Rxd4 22. gxh6 Re4 23. Bf3 Rxe5 24. hxg7 Kxg7 25. Rac1 Bc6 26. Rfe1 Rxe1+ 27. Rxe1 Kf6 0-1

[Event "Fide Mercenarios 4th"]
[Site "Mexico City"]
[Date "1995.??.??"]
[Round "7"]
[White "De Winter, Willy"]
[Black "Lopez, Manuel"]
[Result "0-1"]
[WhiteElo "2170"]
[BlackElo "2230"]
[PlyCount "124"]
[EventDate "1995.??.??"]
[EventType "tourn"]
[EventRounds "11"]
[EventCountry "MEX"]
[SourceTitle "EXT 2000"]
[Source "ChessBase"]
[SourceDate "1999.11.16"]
[SourceVersion "1"]
[SourceVersionDate "1999.11.16"]
[SourceQuality "1"]

1. d4 Nf6 2. Nf3 g6 3. c4 Bg7 4. Nc3 0-0 5. e4 d6 6. Be2 e5 7. 0-0 Nc6 8. d5 Ne7 9. Ne1 Nd7 10. Nd3 f5 11. f3 Nf6 12. a4 f4 13. a5 g5 14. c5 Ng6 15. cxd6 cxd6 16. a6 Rf7 17. axb7 Rxb7 18. Nf2 h5 19. Ba6 Rf7 20. Bxc8 Qxc8 21. Bd2 g4 22. Be1 Bf8 23. Rc1 Rg7 24. Nb5 Qd8 25. fxg4 hxg4 26. Nxg4 Nxg4 27. Qxg4 Qb6+ 28. Kh1 Qxb5 29. Qe6+ Kh8 30. Rf3 Qe8 31. Rh3+ Rh7 32. Rc7 Bg7 33. Qxd6 Rxh3 34. gxh3 Rd8 35. Qa3 Qb5 36. Qf3 Kg8 37. h4 Rd6 38. h5 Nf8 39. Qg2 Nd7 40. Rc8+ Kh7 41. Bh4 Qd3 42. Rc1 Nc5 43. Be7 f3 44. Qg4 Qxe4 45. Qxe4+ Nxe4 46. Bxd6 Nxd6 47. Rc6 Bf8 48. Kg1 e4 49. Kf2 Kh6 50. Ra6 Kxh5 51. Rxa7 Kg4 52. Ra8 Bh6 53. Ra4 Bf4 54. h3+ Kf5 55. Ra8 Bh6 56. Rh8 Bg7 57. Rh5+ Kf4 58. Rh4+ Ke5 59. Rh5+ Kd4 60. b4 Kd3 61. Rh4 Bd4+ 62. Kf1 e3 0-1

[Event "Fide Mercenarios 4th"]
[Site "Mexico City"]
[Date "1995.??.??"]
[Round "6"]
[White "Lopez, Manuel"]
[Black "Norgaard, Jesper"]
[Result "1/2-1/2"]
[WhiteElo "2230"]
[BlackElo "2315"]
[PlyCount "31"]
[EventDate "1995.??.??"]
[EventType "tourn"]
[EventRounds "11"]
[EventCountry "MEX"]
[SourceTitle "EXT 2000"]
[Source "ChessBase"]
[SourceDate "1999.11.16"]
[SourceVersion "1"]
[SourceVersionDate "1999.11.16"]
[SourceQuality "1"]

1. e4 e5 2. Nf3 Nc6 3. Bb5 a6 4. Bxc6 dxc6 5. 0-0 Bd6 6. d4 exd4 7. Qxd4 f6 8. Be3 Ne7 9. Nbd2 Be6 10. Rad1 b5 11. Nb3 Bxb3 12. axb3 0-0 13. Qc3 Qd7 14. b4 Qe6 15. Bc5 Rae8 16. Rfe1 1/2-1/2

[Event "Fide Mercenarios 2nd"]
[Site "Mexico City"]
[Date "1995.??.??"]
[Round "?"]
[White "Norgaard, Jesper"]
[Black "Lopez, Manuel"]
[Result "1/2-1/2"]
[WhiteElo "2330"]
[BlackElo "2245"]
[PlyCount "50"]
[EventDate "1995.??.??"]
[EventType "tourn"]
[EventRounds "11"]
[EventCountry "MEX"]
[SourceTitle "EXT 2000"]
[Source "ChessBase"]
[SourceDate "1999.11.16"]
[SourceVersion "1"]
[SourceVersionDate "1999.11.16"]
[SourceQuality "1"]

1. e4 d5 2. exd5 Nf6 3. d4 Nxd5 4. c4 Nb6 5. h3 g6 6. Nf3 Bg7 7. Nc3 0-0 8. Be2 Nc6 9. Be3 e5 10. dxe5 Nxe5 11. Nxe5 Bxe5 12. Qb3 Be6 13. 0-0 Re8 14. Ne4 Qh4 15. f3 h6 16. Bf2 Qe7 17. Bc5 Qh4 18. Bf2 Qe7 19. Rfe1 Rad8 20. Rad1 Rxd1 21. Rxd1 Rd8 22. Bc5 Qh4 23. Bf2 Qe7 24. Bc5 Qh4 25. Bf2 Qe7 1/2-1/2

[Event "Fide Mercenarios 2nd"]
[Site "Mexico City"]
[Date "1995.??.??"]
[Round "?"]
[White "Pastrana Rodriguez, Cesar"]
[Black "Lopez, Manuel"]
[Result "0-1"]
[WhiteElo "2140"]
[BlackElo "2245"]
[PlyCount "62"]
[EventDate "1995.??.??"]
[EventType "tourn"]
[EventRounds "11"]
[EventCountry "MEX"]
[SourceTitle "EXT 2000"]
[Source "ChessBase"]
[SourceDate "1999.11.16"]
[SourceVersion "1"]
[SourceVersionDate "1999.11.16"]
[SourceQuality "1"]

1. f4 d5 2. e3 c5 3. b3 g6 4. Bb2 Nf6 5. h3 Bg7 6. Qf3 Nc6 7. Bb5 0-0 8. Bxc6 bxc6 9. Ne2 Qb6 10. g4 d4 11. e4 Nd7 12. d3 Ba6 13. Bc1 e6 14. f5 exf5 15. gxf5 Ne5 16. Qf4 Bxd3 17. f6 Rfe8 18. fxg7 Bxc2 19. 0-0 Re7 20. Na3 Bd3 21. Rf2 Qb4 22. Ng3 Rae8 23. Kg2 f5 24. exf5 gxf5 25. Nh5 Re6 26. Bb2 Be4+ 27. Kf1 Rg6 28. Ng3 Nd3 29. Qh4 Nxf2 30. Nh5 Bd3+ 31. Kxf2 Qd2+ 0-1

[Event "Fide Mercenarios 2nd"]
[Site "Mexico City"]
[Date "1995.??.??"]
[Round "?"]
[White "Ruiz, Guillermo"]
[Black "Lopez, Manuel"]
[Result "1-0"]
[WhiteElo "2230"]
[BlackElo "2245"]
[PlyCount "101"]
[EventDate "1995.??.??"]
[EventType "tourn"]
[EventRounds "11"]
[EventCountry "MEX"]
[SourceTitle "EXT 2000"]
[Source "ChessBase"]
[SourceDate "1999.11.16"]
[SourceVersion "1"]
[SourceVersionDate "1999.11.16"]
[SourceQuality "1"]

1. e4 d5 2. exd5 Nf6 3. Nf3 Nxd5 4. d4 g6 5. c4 Nb6 6. Be3 Bg7 7. Nc3 0-0 8. h3 Nc6 9. Rc1 e5 10. d5 Ne7 11. Be2 h6 12. 0-0 f5 13. Qd2 e4 14. Nh2 g5 15. Bd4 Ng6 16. Bxg7 Kxg7 17. Rfd1 Nf4 18. c5 Nd7 19. c6 Ne5 20. cxb7 Nxe2+ 21. Nxe2 Bxb7 22. Qc3 Qf6 23. Qxc7+ Rf7 24. Qa5 Nd3 25. Rc7 Qb6 26. Rxf7+ Kxf7 27. Qxb6 axb6 28. Nc3 Nxb2 29. Rb1 Nc4 30. Rb4 Rc8 31. Nf1 Ke7 32. Ng3 Kf6 33. d6 Nxd6 34. Rxb6 Ke5 35. Nb5 Rc1+ 36. Kh2 Rb1 37. Nxd6 Rxb6 38. Nc4+ Kd4 39. Nxb6 f4 40. Nf1 e3 41. fxe3+ fxe3 42. Ng3 Kd3 43. Kg1 e2 44. Nxe2 Kxe2 45. a4 Kd3 46. Nd7 Ke3 47. a5 h5 48. Nc5 Bc6 49. a6 g4 50. hxg4 hxg4 51. Ne6 1-0

[Event "Fide Mercenarios 4th"]
[Site "Mexico City"]
[Date "1995.??.??"]
[Round "5"]
[White "Ruiz, Guillermo"]
[Black "Lopez, Manuel"]
[Result "1-0"]
[WhiteElo "2235"]
[BlackElo "2230"]
[PlyCount "99"]
[EventDate "1995.??.??"]
[EventType "tourn"]
[EventRounds "11"]
[EventCountry "MEX"]
[SourceTitle "EXT 2000"]
[Source "ChessBase"]
[SourceDate "1999.11.16"]
[SourceVersion "1"]
[SourceVersionDate "1999.11.16"]
[SourceQuality "1"]

1. e4 d5 2. exd5 Nf6 3. Bb5+ Bd7 4. Bc4 Bg4 5. f3 Bf5 6. g4 Bg6 7. Nc3 c6 8. f4 h5 9. f5 Bh7 10. g5 Ng4 11. d4 b5 12. Bb3 b4 13. Nce2 Bxf5 14. Ng3 Bg6 15. h3 Qd6 16. Qf3 f5 17. hxg4 hxg4 18. Qf4 Rxh1 19. Nxh1 Qd7 20. dxc6 Nxc6 21. Be3 e6 22. Ne2 Bd6 23. Qf2 0-0-0 24. 0-0-0 Na5 25. Nf4 Nxb3+ 26. axb3 Bf7 27. Qe2 Kb7 28. Nd3 Qc7 29. Ne5 Be8 30. Qg2+ Kb8 31. Bf4 Rc8 32. Rd2 Bb5 33. Nf2 Ba6 34. Nfd3 Bb7 35. Qg3 Ka8 36. Nc4 Bxf4 37. Qxf4 Qc6 38. Na5 Qa6 39. Qe5 Be4 40. Kb1 Rh8 41. Rd1 g3 42. Qxg7 Rd8 43. Nc4 g2 44. Nc5 Qc6 45. Qe5 Bd5 46. Ne3 Bf3 47. Rg1 Rf8 48. Qxe6 Qb5 49. Qc4 Qe8 50. Nxg2 1-0

[Event "Fide Mercenarios 1st"]
[Site "Mexico City"]
[Date "1994.??.??"]
[Round "2"]
[White "Carranza Torres, Zirat"]
[Black "Lopez, Manuel"]
[Result "0-1"]
[WhiteElo "2140"]
[BlackElo "2285"]
[PlyCount "48"]
[EventDate "1994.??.??"]
[EventType "tourn"]
[EventRounds "11"]
[EventCountry "MEX"]
[SourceTitle "EXT 2000"]
[Source "ChessBase"]
[SourceDate "1999.11.16"]
[SourceVersion "1"]
[SourceVersionDate "1999.11.16"]
[SourceQuality "1"]

1. f4 d5 2. Nf3 Nf6 3. e3 c5 4. d4 Nc6 5. c4 e6 6. Nc3 a6 7. Ne5 Qc7 8. a3 dxc4 9. Bxc4 cxd4 10. exd4 Nxe5 11. fxe5 Qxc4 12. exf6 gxf6 13. Ne4 Be7 14. Rf1 f5 15. Ng5 h6 16. Nf3 Bf6 17. Bf4 Bd7 18. Be5 Bxe5 19. Nxe5 Qd5 20. Rf2 Bb5 21. Rc2 Qe4+ 22. Kf2 Ba4 23. Rc8+ Rxc8 24. Qxa4+ b5 0-1

[Event "Fide Mercenarios 1st"]
[Site "Mexico City"]
[Date "1994.??.??"]
[Round "7"]
[White "Vaca Kram, Luis"]
[Black "Lopez, Manuel"]
[Result "0-1"]
[WhiteElo "2000"]
[BlackElo "2285"]
[PlyCount "54"]
[EventDate "1994.??.??"]
[EventType "tourn"]
[EventRounds "11"]
[EventCountry "MEX"]
[SourceTitle "EXT 2000"]
[Source "ChessBase"]
[SourceDate "1999.11.16"]
[SourceVersion "1"]
[SourceVersionDate "1999.11.16"]
[SourceQuality "1"]

1. c4 Nf6 2. Nc3 g6 3. g3 Bg7 4. Bg2 0-0 5. e3 d6 6. Nge2 e5 7. 0-0 Nc6 8. d4 Rb8 9. h3 a6 10. b3 Bd7 11. Bb2 Re8 12. f4 exd4 13. exd4 Ne7 14. g4 h5 15. f5 hxg4 16. Ng3 Nxf5 17. Nxf5 Bxf5 18. Rxf5 gxf5 19. Bc1 gxh3 20. Bxh3 Ne4 21. Qh5 Bxd4+ 22. Kg2 Bxc3 23. Bxf5 Bg7 24. Qh7+ Kf8 25. Bh6 Qf6 26. Rh1 Bxh6 27. Rxh6 Qg7+ 0-1